• 首页
  • 本馆介绍
  • 公告通知
  • 最新文献
  • 馆藏检索
  • 电子资源
  • 读者导购
  • 参考咨询
  • 我的图书馆
  • 登录
  • 详细信息显示
  • 放入我的书架
  • 预约/预借图书
  • 作者相关作品
  • 分类相关作品
  • 丛书相关作品
  • 出版社相关作品

书目信息

  • 表格格式
  • 工作单格式
  • 卡片格式
题名:
心理学与心理调节术
    
 
作者: 姚尧 著
分册:  
出版信息: 北京   中国法制出版社  2018
页数: 255页
开本: 24cm
丛书名: 心理学与生活系列
单 册:
中图分类: B84-49 , R395.6-49
科图分类:
主题词: 心理学--xin li xue--通俗读物 , 心理调节--xin li diao jie--通俗读物
电子资源:
ISBN: 978-7-5093-9223-2
000 01126cam 2200313 450
001 012001004444
005 20191203111758.03
010    @a978-7-5093-9223-2@dCNY39.80
099    @aCAL 012018058845
100    @a20180409d2018 em y0chiy50 ea
101 0  @achi
102    @aCN@b110000
105    @aa z 000yy
106    @ar
200 1  @a心理学与心理调节术@Axin li xue yu xin li tiao jie shu@f姚尧著
205    @a第5版
210    @a北京@c中国法制出版社@d2018
215    @a255页@c图@d24cm
225 2  @a心理学与生活系列@Axin li xue yu sheng huo
300    @a题名页题: 畅销5版
330    @a本书以心理学知识为依托,从生活、工作、社交、情感等方面入手,介绍许多心理调节的实用方法。帮助读者打开心理郁结,摆脱焦虑、沮丧、孤独、自卑、猜疑等负面情绪;净化心灵,调节内心的平衡,发掘自身潜能,找回坚强、自信、永不妥协的自己。
410  0 @12001 @a心理学与生活系列
606 0  @a心理学@Axin li xue@j通俗读物
606 0  @a心理调节@Axin li diao jie@j通俗读物
690    @aB84-49@v5
690    @aR395.6-49@v5
701  0 @a姚尧@Ayao yao@4著
801  0 @aCN@b江苏凤凰@c20191020
905    @b1223318-9@dB84-49@e3397=5@f2
    
    心理学与心理调节术/姚尧著.-第5版.-北京:中国法制出版社,2018
    255页:图;24cm.-(心理学与生活系列)
    题名页题: 畅销5版
    
    ISBN 978-7-5093-9223-2:CNY39.80
    本书以心理学知识为依托,从生活、工作、社交、情感等方面入手,介绍许多心理调节的实用方法。帮助读者打开心理郁结,摆脱焦虑、沮丧、孤独、自卑、猜疑等负面情绪;净化心灵,调节内心的平衡,发掘自身潜能,找回坚强、自信、永不妥协的自己。
●
相关链接 在E读中查询图书 在五车中查询图书 在当当中查询图书 在豆瓣中查询图书


正题名:心理学与心理调节术     索取号:B84-49/3397=5         预约/预借

序号 登录号 条形码 馆藏地/架位号 状态 备注
1 1223318   212233180   第一样本阅览室/ [索取号:B84-49/3397=5] 在馆    
2 1223319   212233199   第一借阅区/ [索取号:B84-49/3397=5] 在馆    
唐山师范学院图书馆 欢迎您!
大连网信软件有限公司© 版权所有